Normal view
MARC view
Entry Topical Term
001 - CONTROL NUMBER
- control field: 19484
003 - CONTROL NUMBER IDENTIFIER
- control field: OSt
005 - DATE AND TIME OF LATEST TRANSACTION
- control field: 20251022140154.0
008 - FIXED-LENGTH DATA ELEMENTS
- fixed length control field: 251022|| aca||aabn | a|a d
040 ## - CATALOGING SOURCE
- Original cataloging agency: OSt
- Transcribing agency: OSt
150 ## - HEADING--TOPICAL TERM
- Topical term or geographic name entry element: Project planning
670 ## - SOURCE DATA FOUND
- Source citation: Work cat.: (OSt)9579: Kerzner, Harold 5426, Project Management : a systems approach to planning, scheduling, and controlling
